000 00741nab a2200229u 4500
001 11502
003 HDC
007 c| |||a|c|aaaa
008 210207b99999999my ||||o |||| 00| 0 eng d
040 _aHDC
245 0 _aHalal Slaughter: Cutting England's Throat
336 _atext
_2rdacontent
337 _acomputer
_2rdamedia
338 _aonline resource
_2rdacarrier
650 _aBritish Veterinary Association
_911830
650 _aHalal Slaughter
_972
710 _aDaily Referendum Blogspot
856 _zRequest full-text at [email protected]
942 _2lcc
942 _cNEWS
942 _kNWS0 000939
999 _c8825
_d8825